Environmental studies / (Record no. 19636)

MARC details
000 -LEADER
fixed length control field 00843nam a22002417a 4500
008 - FIXED-LENGTH DATA ELEMENTS--GENERAL INFORMATION
fixed length control field 081210t xxu||||| |||| 00| 0 eng d
010 ## - LCCN (DPL NO)
LC control number ENG-92095
020 ## - INTERNATIONAL STANDARD BOOK NUMBER
International Standard Book Number 0230635318
Terms of availability 265.00
020 ## - INTERNATIONAL STANDARD BOOK NUMBER
International Standard Book Number 9780230635319
Terms of availability 265.00
035 ## - SYSTEM CONTROL NUMBER
System control number EN-75628
037 ## - SOURCE OF ACQUISITION
Source of stock number/acquisition DBAD / PUB
040 ## - CATALOGING SOURCE
Original cataloging agency dpl
Language of cataloging English
082 ## - DEWEY DECIMAL CLASSIFICATION NUMBER
Classification number 333.707
100 ## - MAIN ENTRY--PERSONAL NAME
Personal name Chary, S.N.
245 ## - TITLE STATEMENT
Title Environmental studies /
Statement of responsibility, etc by S.N. Chary
260 ## - PUBLICATION, DISTRIBUTION, ETC. (IMPRINT)
Place of publication, distribution, etc New Delhi
Name of publisher, distributor, etc Macmillan India
Date of publication, distribution, etc 2008
270 ## - ADDRESS
Address 2/10, Ansar Road, Daryaganj,
City New Delhi
Postal code 110002
300 ## - PHYSICAL DESCRIPTION
Extent xvi, 360p.:
Dimensions 24cm (pbk)
Other physical details b&w photos
500 ## - GENERAL NOTE
General note Includes index
650 ## - SUBJECT ADDED ENTRY--TOPICAL TERM
Topical term or geographic name as entry element Environmental studies
942 ## - ADDED ENTRY ELEMENTS (KOHA)
Source of classification or shelving scheme Dewey Decimal Classification
Item type English Books
Call number suffix CHA
Classification part 333.707
Holdings
Withdrawn status Lost status Source of classification or shelving scheme Damaged status Not for loan Collection code Home library Current library Date acquired Source of acquisition Cost, normal purchase price Total Checkouts Full call number Barcode Date last seen Copy number Cost, replacement price Koha item type
    Dewey Decimal Classification   Not For Loan Non-fiction D.B.Act.Division D.B.Act.Division 10/12/2008 DBAD / PUB 265.00   CHA EN-75628 10/12/2008 1 265.00 English Books

© Delhi Public Library
Hit Counter
free hit counter